000 00591nam a22001817a 4500
003 LK-CoDNM
005 20241105115017.0
008 241015b |||||||| |||| 00| 0 eng d
040 _aLK-CoDNM
_dLK-CoDNM
_eLK-CoDNM
041 _asin
080 _aප්‍ර.ස
_b9.1
245 _aසිංහල‍ ‍ ‍බෞද්ධයා -1908
_b3 - කාණ්ඩය
_c127 - කලාපය
246 _aThe Sinhalese Buddhist
300 _a12p. : ill ; 42 cm
650 _aසිංහල‍ ‍ ‍බෞද්ධයා
650 _aප්‍ර.ස 9.1
942 _cBK
999 _c226792
_d226792